Sportifs en A - Statistiques

Statistiques générales
  • Ce quiz a été pris 205 fois
  • Le résultat moyen est 5 sur 12
Statistiques - réponses
Sport Pays Sexe Réponse % Correct
Formule 1 Espagne Homme Alonso
82%
Tennis Espagne Homme Alcaraz
65%
Footballeur Gabon Homme Aubameyang
63%
Footballeur Autriche Homme Alaba
52%
Basketteur Grèce Homme Antetokounmpo
44%
Footballeur Ghana Homme Ayew
40%
Footballeur Argentine Homme Alvarez
39%
Tennis Canada Homme Auger-Aliassime
39%
Judo France Femme Agbégnénou
32%
MMA Nigéria Homme Adesanya
25%
Tennis Biélorussie Femme Azarenka
25%
Rugby France Homme Atonio
11%
Aucun quiz correspondant
Distribution des résultats
% des personnes avec chaque résultat
Percentile par nombre de réponses
Votre historique - résultats
Vous n’avez pas pris ce quiz